| 000 | 00363nam a22001457a 4500 | ||
|---|---|---|---|
| 003 | MACL | ||
| 005 | 20191003164326.0 | ||
| 008 | 191003b xxu||||| |||| 00| 0 eng d | ||
| 040 | _c MACL | ||
| 100 |
_aHarit, Vikash _976865 |
||
| 245 | _aFamous Women Personauties of Words | ||
| 260 |
_aDelhi _bKumar Pub _c2018 |
||
| 650 |
_aBiography _976866 |
||
| 942 |
_2ddc _cBK |
||
| 999 |
_c61143 _d61143 |
||